SRB' Clinical Methods in Surgery/ (Record no. 35557)

MARC details
000 -LEADER
fixed length control field 00492nam a22001937a 4500
005 - DATE AND TIME OF LATEST TRANSACTION
control field 20240424090617.0
008 - FIXED-LENGTH DATA ELEMENTS--GENERAL INFORMATION
fixed length control field 240422b |||||||| |||| 00| 0 eng d
020 ## - INTERNATIONAL STANDARD BOOK NUMBER
ISBN 9788184489255
082 ## - DEWEY DECIMAL CLASSIFICATION NUMBER
Classification number 615
Item number BHA-S
100 ## - MAIN ENTRY--AUTHOR
Author Name Bhat Sriram M
245 ## - TITLE STATEMENT
Title SRB' Clinical Methods in Surgery/
250 ## - EDITION STATEMENT
Edition statement 5th ed.
260 ## - PUBLICATION, DISTRIBUTION, ETC.
Place of Publication india:
Name of publisher, distributor, etc. Jitendar:
Date of publication, distribution, etc. 2010.
300 ## - PHYSICAL DESCRIPTION
Pages xii.p718.
500 ## - GENERAL NOTE
General note index include.
650 ## - SUBJECT ADDED ENTRY--TOPICAL TERM
Subject / Department Medical Surgery
700 ## - ADDED ENTRY--PERSONAL NAME
Personal name Bhat Sriram M
300 ## - PHYSICAL DESCRIPTION
-- ill;
-- 24cm.
952 ## - LOCATION AND ITEM INFORMATION (KOHA)
-- 0
-- 0
952 ## - LOCATION AND ITEM INFORMATION (KOHA)
-- 0
-- 0
952 ## - LOCATION AND ITEM INFORMATION (KOHA)
-- 0
-- 0
952 ## - LOCATION AND ITEM INFORMATION (KOHA)
-- 0
-- 0
952 ## - LOCATION AND ITEM INFORMATION (KOHA)
-- 0
-- 0
952 ## - LOCATION AND ITEM INFORMATION (KOHA)
-- 0
-- 0
952 ## - LOCATION AND ITEM INFORMATION (KOHA)
-- 0
-- 0
Holdings
Lost status Damaged status Collection code Permanent Location Current Location Shelving Location Date acquired Full Call Number Accession No./Barcode Date last seen Copy number item type Koha item type
    Medical Superior Information Resource Center (SIRC) Superior University- Gold Campus Superior Information Resource Center (SIRC) Superior University- Gold Campus Surgery 04/29/2024 615 BHA-S 2010 10235 04/29/2024 6 BOOK BOOK
    Medical Superior Information Resource Center (SIRC) Superior University- Main Campus Superior Information Resource Center (SIRC) Superior University- Main Campus Surgery 04/22/2024 615 BHA-S 2010 10232 04/22/2024 1 BOOK BOOK
    Medical Superior Information Resource Center (SIRC) Superior University- Main Campus Superior Information Resource Center (SIRC) Superior University- Main Campus Surgery 04/22/2024 615 BHA-S 2010 10233 04/22/2024 2 BOOK BOOK
    Medical Superior Information Resource Center (SIRC) Superior University- Main Campus Superior Information Resource Center (SIRC) Superior University- Main Campus Surgery 04/22/2024 615 BHA-S 2010 10234 04/22/2024 3 BOOK BOOK
    Medical Superior Information Resource Center (SIRC) Superior University- Main Campus Superior Information Resource Center (SIRC) Superior University- Main Campus Surgery 04/22/2024 615 BHA-S 2010 10236 04/22/2024 4 BOOK BOOK
    Medical Superior Information Resource Center (SIRC) Superior University- Main Campus Superior Information Resource Center (SIRC) Superior University- Main Campus Surgery 04/22/2024 615 BHA-S 2010 10240 04/22/2024 5 BOOK BOOK
    Medical Superior Information Resource Center (SIRC) Superior University- Main Campus Superior Information Resource Center (SIRC) Superior University- Main Campus Surgery 08/21/2024 615 BHA-S 2010 10239 08/21/2024 7 BOOK BOOK

Powered by Koha